UM Logo

Government accounting/ (Record no. 11246)

MARC details
000 -LEADER
fixed length control field 00620nam a22001937a 4500
008 - FIXED-LENGTH DATA ELEMENTS--GENERAL INFORMATION
fixed length control field 181022b ||||| |||| 00| 0 eng d
020 ## - INTERNATIONAL STANDARD BOOK NUMBER
International Standard Book Number 978-621-416-014-3
082 ## - DEWEY DECIMAL CLASSIFICATION NUMBER
Edition number 2016
Classification number DFil 657.835
Item number P969
100 ## - MAIN ENTRY--PERSONAL NAME
Personal name Punzalan, Angelito R.
9 (RLIN) 32377
245 ## - TITLE STATEMENT
Title Government accounting/
Statement of responsibility, etc. Angelito R. Punzalan and Milagros M. Cardona
250 ## - EDITION STATEMENT
Edition statement Twelve Edition
260 ## - PUBLICATION, DISTRIBUTION, ETC. (IMPRINT)
Place of publication, distribution, etc. Manila:
Name of publisher, distributor, etc. GIC Enterprises & Co.,
Date of publication, distribution, etc. ©2016.
300 ## - PHYSICAL DESCRIPTION
Extent 482 pages:
Other physical details illustrations;
Dimensions 23 cm.
500 ## - GENERAL NOTE
General note Includes appendix.
650 ## - SUBJECT ADDED ENTRY--TOPICAL TERM
Topical term or geographic name as entry element Accounting
9 (RLIN) 32378
700 ## - ADDED ENTRY--PERSONAL NAME
Personal name Cardona, Milagros M.
9 (RLIN) 32379
365 ## - TRADE PRICE
Price amount 810.00
Currency code Php.
942 ## - ADDED ENTRY ELEMENTS (KOHA)
Source of classification or shelving scheme Dewey Decimal Classification
Koha item type Filipiniana
Holdings
Withdrawn status Lost status Source of classification or shelving scheme Damaged status Not for loan Collection code Home library Current library Shelving location Date acquired Source of acquisition Cost, normal purchase price Total Checkouts Full call number Barcode Date last seen Date last checked out Copy number Price effective from Koha item type
    Dewey Decimal Classification     Filipiniana UM Digos College - LIC UM Digos College - LIC Book Cart 08/16/2018 Purchased 810.00 3 DFil 657.835 P969 2016 25115 05/15/2025 03/02/2024 1 10/22/2018 Filipiniana